000 00642nam a2200241Ia 4500
003 OSt
005 20221005125142.0
006 a|||||r|||| 00| 0
007 ta
008 221004b |||||||| |||| 00| 0 eng d
024 _a65720
037 _cTextual
040 _aCRL
_cCRL
_beng
041 _2eng
_aeng
082 _aV5:1:N3, F5
100 _aDobb Maurice H
_9636232
245 0 _aOutline of European history from the decay of feudalism to the present day.
260 _c1925
490 _aPlebs textbooks; 5
650 _aHISTORY
942 _hV5:1:N3, F5
_cTEXL
_2cc
999 _c1053107
_d1053107